[Event "17MCR_PFB"]
[Site "?"]
[Date "2003.??.??"]
[Round "?"]
[White "Kubelka, Martin"]
[Black "Soudny, Jiri"]
[Result "0-1"]
[WhiteElo "2225"]
[BlackElo "2240"]
[PlyCount "82"]
[EventDate "2003.??.??"]
[EventType "corr"]
[EventRounds "1"]
[SourceDate "2005.10.25"]

1. d4 d5 2. c4 c6 3. Nf3 Nf6 4. Nc3 dxc4 5. a4 Bf5 6. e3 e6 7. Bxc4 Bb4 8. O-O
O-O 9. Nh4 Nbd7 10. Nxf5 exf5 11. Qc2 g6 12. f3 a5 13. Kh1 Nb6 14. Bb3 Re8 15.
e4 Qxd4 16. exf5 Nfd5 17. fxg6 hxg6 18. Ne4 Kg7 19. Bg5 f5 20. Rad1 Qe5 21. Ng3
Rh8 22. Qf2 Rae8 23. Bxd5 Nxd5 24. Kg1 b6 25. Rc1 Qd6 26. Bd2 Bc5 27. Rxc5 Qxc5
28. Qxc5 bxc5 29. Rc1 Rh4 30. b3 Rd4 31. Bxa5 Re3 32. Rxc5 Rxb3 33. Rxc6 Rb2
34. h4 Rxa4 35. Bc7 Kf7 36. Be5 Rb1+ 37. Kf2 Ra2+ 38. Ne2 Rd1 39. Rd6 Rdd2 40.
Kg3 Rxe2 41. Rxd5 Ke6 0-1

[Event "17MCR_PFB"]
[Site "?"]
[Date "2003.??.??"]
[Round "?"]
[White "Novotny, Petr"]
[Black "Hladecek, Miloslav"]
[Result "0-1"]
[WhiteElo "2220"]
[BlackElo "2240"]
[PlyCount "50"]
[EventDate "2003.??.??"]
[EventType "corr"]
[EventRounds "1"]
[SourceDate "2005.10.25"]

1. e4 c5 2. f4 d5 3. exd5 Nf6 4. Bb5+ Nbd7 5. c4 a6 6. Bxd7+ Qxd7 7. Nf3 e6 8.
Ne5 Qc7 9. dxe6 Bxe6 10. b3 Nd7 11. Qe2 Bd6 12. Bb2 O-O-O 13. O-O Rhe8 14. Nxd7
Bxd7 15. Qf2 Bc6 16. Nc3 Qd7 17. d4 cxd4 18. Nd5 Bxd5 19. cxd5 d3 20. Qa7 Qb5
21. Rac1+ Kd7 22. Qd4 Rc8 23. Rxc8 Kxc8 24. a4 Qxb3 25. Bc3 Qc2 0-1

[Event "17MCR_PFB"]
[Site "?"]
[Date "2003.??.??"]
[Round "?"]
[White "Jirk, Ales"]
[Black "Jerabek, Zdenek"]
[Result "1-0"]
[WhiteElo "2210"]
[BlackElo "2255"]
[PlyCount "73"]
[EventDate "2003.??.??"]
[EventType "corr"]
[EventRounds "1"]
[SourceDate "2005.10.25"]

1. c4 e5 2. Nc3 Nf6 3. Nf3 Nc6 4. g3 Bb4 5. Nd5 Bc5 6. d3 h6 7. a3 a6 8. b4 Ba7
9. Bb2 d6 10. Nxf6+ Qxf6 11. b5 axb5 12. cxb5 Ne7 13. Bg2 Bd7 14. a4 c6 15.
bxc6 Bxc6 16. O-O O-O 17. a5 Qe6 18. Qd2 f5 19. e3 Bb8 20. Qb4 Bc7 21. e4 fxe4
22. dxe4 Ra6 23. Nd2 b6 24. Bh3 Qf7 25. f4 Rfa8 26. fxe5 bxa5 27. Qc3 Qg6 28.
e6 Rc8 29. Kh1 Rb6 30. Rf7 Bxe4+ 31. Nxe4 Qxe4+ 32. Bg2 Qe5 33. Re1 Bd8 34.
Rxe7 Rxc3 35. Re8+ Kh7 36. Rxe5 Rxb2 37. Re1 1-0

[Event "17MCR_PFB"]
[Site "?"]
[Date "2003.??.??"]
[Round "?"]
[White "Pecina, Pavel"]
[Black "Bares, Jiri"]
[Result "1-0"]
[WhiteElo "2210"]
[BlackElo "2255"]
[PlyCount "65"]
[EventDate "2003.??.??"]
[EventType "corr"]
[EventRounds "1"]
[SourceDate "2005.10.25"]

1. e4 e5 2. Nf3 Nc6 3. d4 exd4 4. Nxd4 Qh4 5. Nc3 Bb4 6. Ndb5 Qxe4+ 7. Be2
Bxc3+ 8. bxc3 Kd8 9. O-O Nge7 10. Re1 d6 11. Bf3 Qg6 12. Rb1 a6 13. Nd4 Re8 14.
Bf4 Qf6 15. Qd2 h6 16. Bg3 Qg5 17. Bf4 Qg6 18. a3 Na5 19. c4 Nxc4 20. Qc3 Nb6
21. Rxb6 cxb6 22. Qb4 Nd5 23. Rxe8+ Kxe8 24. Bxd5 Qg4 25. Nf3 a5 26. Qxd6 Qd7
27. Qe5+ Kf8 28. Qe4 b5 29. h3 b4 30. axb4 Ra6 31. bxa5 Qb5 32. Bc4 Qxa5 33.
Bxa6 1-0

[Event "17MCR_PFB"]
[Site "?"]
[Date "2003.??.??"]
[Round "?"]
[White "Dundalek, Josef"]
[Black "Nejtek, Jiri"]
[Result "0-1"]
[WhiteElo "2200"]
[BlackElo "2265"]
[PlyCount "104"]
[EventDate "2003.??.??"]
[EventType "corr"]
[EventRounds "1"]
[SourceDate "2005.10.25"]

1. e4 c5 2. Nf3 d6 3. d4 cxd4 4. Nxd4 Nf6 5. Nc3 a6 6. Be2 e5 7. Nb3 Be7 8. O-O
Be6 9. f4 Qc7 10. Kh1 Nbd7 11. a4 O-O 12. g4 exf4 13. Bxf4 Bxb3 14. cxb3 Nc5
15. Bf3 h6 16. g5 hxg5 17. Bxg5 Qd8 18. Rg1 Nh7 19. Be3 Bg5 20. Bf2 Bf6 21. b4
Ne6 22. Rc1 Nhg5 23. Bg2 Be5 24. Rc2 Rc8 25. b5 axb5 26. axb5 g6 27. Bh4 f6 28.
Qg4 Rc7 29. Bf1 Qc8 30. Rcg2 Rh7 31. Nd5 Kg7 32. Bg3 Rfh8 33. b4 Rh6 34. b6 Qc6
35. Bd3 Rh3 36. Bxe5 dxe5 37. Qd1 Nd4 38. Rf2 Ndf3 39. Rgg2 Qd7 40. Nxf6 Kxf6
41. Be2 Qxd1+ 42. Bxd1 R8h4 43. Be2 Ke7 44. b5 Nxh2 45. Rxh2 Nxe4 46. Kg1 Nxf2
47. Rxf2 Rh1+ 48. Kg2 R1h2+ 49. Kg1 Rxf2 50. Kxf2 Rh2+ 51. Kf3 Rxe2 52. Kxe2
Kd6 0-1

[Event "17MCR_PFB"]
[Site "?"]
[Date "2003.??.??"]
[Round "?"]
[White "Valenta, Josef"]
[Black "Svajdler, Frantisek"]
[Result "1-0"]
[WhiteElo "2185"]
[BlackElo "2280"]
[PlyCount "39"]
[EventDate "2003.??.??"]
[EventType "corr"]
[EventRounds "1"]
[SourceDate "2005.10.25"]

1. d4 Nf6 2. c4 e6 3. Nc3 Bb4 4. a3 Bxc3+ 5. bxc3 c5 6. f3 d5 7. cxd5 exd5 8.
e3 Qc7 9. Ne2 Nc6 10. Qc2 O-O 11. dxc5 Qa5 12. Nd4 Qxc5 13. Bd3 Re8 14. O-O Ne5
15. Be2 Nc4 16. Bxc4 Qxc4 17. Qd2 Bd7 18. Rb1 b5 19. Rb4 Qc5 20. Re1 1-0

[Event "17MCR_PFB"]
[Site "?"]
[Date "2003.??.??"]
[Round "?"]
[White "Chvojka, Jaroslav"]
[Black "Lounek, Jan"]
[Result "0-1"]
[WhiteElo "2175"]
[BlackElo "2320"]
[PlyCount "88"]
[EventDate "2003.??.??"]
[EventType "corr"]
[EventRounds "1"]
[SourceDate "2005.10.25"]

1. d4 Nf6 2. Bg5 Ne4 3. Bf4 c5 4. f3 Qa5+ 5. c3 Nf6 6. Nd2 cxd4 7. Nb3 Qd8 8.
cxd4 d5 9. e3 e6 10. Rc1 Nc6 11. Bd3 Nh5 12. Ne2 Nxf4 13. Nxf4 Bb4+ 14. Kf2 O-O
15. g3 Bd6 16. Kg2 Qg5 17. a3 Ne7 18. Qc2 Qh6 19. h4 b6 20. g4 g6 21. Bb5 Bb7
22. Qd2 Qg7 23. Qf2 Rac8 24. Bd3 a5 25. Bb5 Bc6 26. Bxc6 Nxc6 27. a4 Nb4 28.
Qe2 Qf6 29. Nd3 Nxd3 30. Qxd3 e5 31. h5 e4 32. Qd1 Qe6 33. Rxc8 Rxc8 34. f4 Qd7
35. Nc1 b5 36. hxg6 fxg6 37. Na2 bxa4 38. Nc3 a3 39. Nxd5 Qe6 40. Nb6 Rb8 41.
d5 Qf6 42. Nc4 axb2 43. Qb1 a4 44. Qxe4 a3 0-1

[Event "17MCR_PFB"]
[Site "?"]
[Date "2003.??.??"]
[Round "?"]
[White "Trcka, Vaclav"]
[Black "Vaindl, Jaroslav"]
[Result "1-0"]
[WhiteElo "2125"]
[BlackElo "2325"]
[PlyCount "97"]
[EventDate "2003.??.??"]
[EventType "corr"]
[EventRounds "1"]
[SourceDate "2005.10.25"]

1. d4 Nf6 2. c4 g6 3. Nc3 d5 4. cxd5 Nxd5 5. e4 Nxc3 6. bxc3 Bg7 7. Nf3 c5 8.
Rb1 O-O 9. Be2 b6 10. O-O Bb7 11. Qd3 Ba6 12. Qd2 Qd7 13. dxc5 Bxe2 14. Qxe2
bxc5 15. Qc4 Qc7 16. Qd5 Nc6 17. Be3 Rfc8 18. Rfc1 Ne5 19. Nxe5 e6 20. Qd7 Qxe5
21. Rb7 Rf8 22. Qd3 Qh5 23. Rd7 Rfb8 24. a4 Bf6 25. f4 Rd8 26. e5 Be7 27. Re1
Rab8 28. Bf2 Qg4 29. a5 Qxf4 30. Rxd8+ Rxd8 31. Qa6 Qa4 32. Qxa7 Rd7 33. Qa8+
Rd8 34. Qb7 Rd7 35. Qa6 Kg7 36. Rf1 c4 37. Bd4 Bd8 38. Qc8 Qb5 39. Bc5 Be7 40.
Bb6 Rd2 41. Kh1 Rc2 42. Qa8 Rxc3 43. Qb7 Qe8 44. Qc7 Ra3 45. Qxc4 Qa4 46. Qe2
Bb4 47. Qf2 Qd7 48. Rb1 Kg8 49. h3 1-0